Grand quiz des logos de football européen - Statistiques

Statistiques générales
  • Ce quiz a été pris 866 fois
    831 depuis la dernière actualisation
  • Le résultat moyen est 95 sur 150
Statistiques - réponses
Par images Réponse % Correct
Arsenal
95%
Manchester United
95%
Olympique Lyonnais
94%
Bayern Munich
93%
FC Metz
93%
Lille OSC
93%
RC Lens
93%
AS Monaco
92%
West Ham
92%
AC Milan
91%
FC Barcelone
91%
Atletico Madrid
90%
Real Madrid
90%
Clermont Foot 63
89%
Liverpool
89%
FC Séville
88%
Olympique de Marseille
88%
Paris Saint Germain
88%
Stade Rennais
88%
Borussia Dortmund
87%
PSV
87%
FC Nantes
86%
OGC Nice
86%
Stade de Reims
86%
Chelsea
85%
Stade Brestois 29
85%
Naples
84%
AJ Auxerre
83%
Inter Milan
83%
Montpellier HSC
83%
Bayer Leverkusen
82%
FC Lorient
82%
Galatasaray
82%
RC Strasbourg Alsace
82%
Real Betis
82%
AS Rome
81%
Valence CF
81%
Villarreal
81%
Celtic Glasgow
80%
FC Porto
80%
Celta Vigo
79%
Lazio Rome
79%
Toulouse FC
79%
SC Bastia
78%
Young Boys
78%
Girondins de Bordeaux
77%
Dijon FCO
76%
Étoile Rouge de Belgrade
76%
Leicester
76%
Nottingham Forrest
76%
Stade Malherbe de Caen
76%
Tottenham
76%
Atalanta Bergame
75%
Benfica Lisbonne
75%
Bologne
74%
Eintracht Francfort
74%
Everton
74%
Nîmes Olympiques
74%
Wolverhampton
74%
Angers SCO
73%
Cologne
73%
ES Troyes AC
73%
FC Bâle
73%
Le Havre AC
73%
Newcastle
73%
Stuttgart
73%
Brighton And Hove
72%
Glasgow Rangers
70%
Olympiakos
70%
VfL Wolfsburg
70%
Espanyol Barcelone
69%
Feyenoord
69%
En Avant Guingamp
68%
Genoa
68%
Valenciennes AFC
68%
Le Mans FC
66%
Werder Brême
66%
FC Copenhague
65%
FC Sochaux Montbeliard
65%
AEK Athènes
64%
AFC Bournemouth
64%
AS Nancy Lorraine
64%
Cagliari
64%
CA Osasuna
64%
Getafe
64%
Hambourg
64%
Sassuolo
63%
Anderlecht
62%
Burnley
61%
KRC Genk
61%
US Lecce
61%
Union Saint-Gilloise
60%
RCD Majorque
59%
AC Monza
58%
Standard de Liège
58%
Stoke City
58%
SC Fribourg
57%
Sheriff Tiraspol
56%
Hellas Vérone
55%
Malmo FF
55%
Trabzonspor
54%
Antwerp
53%
Chakhtar Donetsk
53%
Amiens SC
52%
Deportivo Alaves
51%
Hull City
51%
Empoli
50%
FC Augsbourg
50%
Shalke 04
50%
Slavia Prague
50%
FC Twente
49%
Ipswich FC
48%
Salernitana
48%
Sparta Prague
48%
Maccabi Haifa
47%
VfL Bochum
47%
Borussia Mönchengladbach
45%
Viktoria Plzen
45%
Derby County
44%
Panathinaïkós
44%
Deportivo La Corogne
43%
Luton Town
43%
FC Utrecht
41%
Slovan Bratislava
41%
Bodo Glimt
40%
Molde FK
40%
PAOK
38%
Sedan
38%
Cercle Bruges
37%
Istanbul Basaksehir
37%
West Bromwich Albion
36%
Apoel Nicosie
35%
CFR Cluj
34%
Qarabag
34%
Ferencváros
32%
Hajduk Split
31%
Austria Vienne
29%
Lech Poznan
29%
Frosinone
28%
FC Vaduz
23%
Ludogorets Razgrad
23%
HJK Helsinki
22%
Sparta Rotterdam
22%
Gil Vicente
21%
Estoril
19%
Sporting CP
19%
Istres FC
16%
Raków Czestochowa
12%
Djurgardens
11%
KI Klaksvik
6%
Aucun quiz correspondant
Distribution des résultats
% des personnes avec chaque résultat
Percentile par nombre de réponses
Votre historique - résultats
Vous n’avez pas pris ce quiz depuis la dernière actualisation